000 00532nmm a2200169Ia 4500
008 251105s9999||||xx |||||||||||||||||und||
020 _a9788476589427
041 _aspa
100 _aZavala, Iris M.
245 0 _aLa (di)famación de la palabra. Ensayos polémicos de ética y cultura
264 _a[Madrid, España] :
_bAnthropos,
_c2010
300 _a208 páginas
490 _aHuellas: memoria y texto de creación
650 _aPhilosophy, Ethics
856 _uhttps://public.digitaliapublishing.com/a/15590
942 _cCF
999 _c85255
_d85255